| 000 | 01116cam a2200313 a 4500 | ||
|---|---|---|---|
| 003 | CHAP | ||
| 005 | 20220329142223.0 | ||
| 008 | 000224d1999 nl a r 00110 eng d | ||
| 010 | _a80085 | ||
| 011 | _a81057 | ||
| 020 | _a9058080668 | ||
| 035 | _a91517 | ||
| 040 | _cCHAP | ||
| 082 | 0 | 4 |
_a631.46 _bR35 |
| 100 | 0 | 0 |
_aRamírez Saad, Hugo César. _994254 |
| 245 | 1 | 0 |
_aMolecular ecology of Frankia and other soil bacteria under natural and chlorobenzoate-stressed conditions _c/by Hugo César Ramírez Saad |
| 260 |
_aWageningen, The Netherland : _bWageningen Agricultural University. Laboratory of Microbiology, _c1999. |
||
| 300 |
_a119 p. : _bilus. ; gráfs. ; cuadros |
||
| 590 |
_aBATCH-UPD _b10 _c20130110 _lUCH01 _h0444 |
||
| 590 |
_aBATCH-UPD _b10 _c20130410 _lUCH01 _h0121 |
||
| 590 |
_aBATCH-UPD _b10 _c20130914 _lUCH01 _h1435 |
||
| 590 |
_aCONVERSION _b10 _c20130109 _lUCH01 _h1344 |
||
| 650 | 1 | 4 |
_aFrankia. _943033 |
| 650 | 1 | 4 |
_aSuelos _xMicrobiología. _9110434 |
| 901 | _aBK | ||
| 905 | _aGuadalupe Pinto C. | ||
| 942 | _cLIBRO | ||
| 949 |
_a631.46 R35 _bBC _cLIBRO _d33724000763363 _eLIBRO _h96432 _i91517 _sb |
||
| 999 |
_c80085 _d80085 |
||